Výběrová šetření - metoda náhodného výběru. 1.
Metodický prehľad o základných problémoch, spojených s prípravou štatistických výberových prieskumov v oblasti sociálnej štatistiky. Základné princípy a postupy, všeobecne uplatňované pri návrhu a vykonávaní výberových prieskumov. Problematika určenia výberu.
Gespeichert in:
| 1. Verfasser: | |
|---|---|
| Format: | Buchkapitel |
| Sprache: | Tschechisch |
| Schlagworte: | |
| Tags: |
Keine Tags, Fügen Sie das erste Tag hinzu!
|
MARC
| LEADER | 00000naa a2200000 4500 | ||
|---|---|---|---|
| 001 | r007435 | ||
| 005 | 20220831091018.3 | ||
| 041 | 0 | |a cze | |
| 044 | |a [CS] | ||
| 245 | 1 | 0 | |a Výběrová šetření - metoda náhodného výběru. 1. |c J. Študlar |
| 520 | |a Metodický prehľad o základných problémoch, spojených s prípravou štatistických výberových prieskumov v oblasti sociálnej štatistiky. Základné princípy a postupy, všeobecne uplatňované pri návrhu a vykonávaní výberových prieskumov. Problematika určenia výberu. | ||
| 610 | 2 | 0 | |a metódy štatistické |
| 610 | 2 | 0 | |a štatistika sociálna |
| 610 | 2 | 0 | |a výskum štatistický |
| 610 | 2 | 0 | |a prieskum sociologický |
| 610 | 2 | 0 | |a súbory výberové |
| 610 | 2 | 0 | |a súbory štatistické |
| 100 | 1 | |a Študlar, J. | |